000 00571cam a22002171 4500
999 _c9479
_d9479
003 BD-JhCC
005 20180315100157.0
008 180315s1959 enk 000 0 eng
035 _a(BD-JhCC)
035 _a(OCoLC)325762
040 _aDLC
_cODaWU
_dOCoLC
_dUk
_dDLC
041 _aeng
050 0 0 _aPN85
_b.G33
082 _a801.9
_bGAR 1959
100 1 _aGardner, Helen,
_d1908-1986.
245 1 4 _aThe business of criticism /
_cHelen Gardner,
260 _aOxford,
_bClarendon Press,
_c1959.
300 _a157 p. :
_c19 cm.
650 0 _aCriticism.
942 _2ddc
_cBK